| 000 | 00558nam a2200181Ia 4500 | ||
|---|---|---|---|
| 008 | 090124s9999 xx 000 0 und d | ||
| 082 | _b32930 | ||
| 100 | _aसुर्वे नन्दा | ||
| 245 | _a स्मरणस्वर | ||
| 250 | _a1 | ||
| 260 |
_bसिग्नेट पब्लिकेशन्स् _c1995 |
||
| 300 | _a163 | ||
| 600 | _aसुर्वे नन्दा | ||
| 630 | _a स्मरणस्वर | ||
| 700 | _aसुर्वे नन्दा | ||
| 730 | _a स्मरणस्वर | ||
| 942 | _cBOOK | ||
| 999 |
_c98854 _d98854 |
||